La comuna autónoma: discursos pronunciados, sobre tan importante asunto, en las sesiones del senado de 1889
Enregistré dans:
| Auteur principal: | |
|---|---|
| Format: | Livre |
| Langue: | espagnol |
| Publié: |
Valparaíso
Imprenta Americana
1890
|
| Édition: | 1a. ed |
| Sujets: | |
| Tags: |
Ajouter un tag
Pas de tags, Soyez le premier à ajouter un tag!
|
MARC
| LEADER | 00000nam a2200000 a 4500 | ||
|---|---|---|---|
| 001 | UCL1286 | ||
| 003 | CL-VaPUC | ||
| 008 | 030905e18900000CL |||||||||||||||||spa|d | ||
| 082 | 0 | 4 | |a 352.238 |b IRA |2 21 |
| 100 | |a Irarrázaval y Larraín, Manuel José |e author |9 478208 | ||
| 245 | 1 | 3 | |a La comuna autónoma: discursos pronunciados, sobre tan importante asunto, en las sesiones del senado de 1889 |
| 250 | |a 1a. ed | ||
| 300 | |a 479 p | ||
| 942 | |c BK | ||
| 945 | |d 20030905 00:00:00 |a cmena | ||
| 260 | |a Valparaíso |b Imprenta Americana |c 1890 | ||
| 650 | 0 | |a Municipalidades |9 255557 | |
| 650 | 0 | |a Discursos políticos |9 373524 | |
| 650 | 0 | |a Senadores |9 403880 | |
| 650 | 0 | |a Derecho administrativo |9 254851 | |
| 650 | 0 | |a Municipalidades |9 255557 | |
| 650 | 0 | |a Administración pública |9 255343 | |
| 583 | |a last modification |c 20030905 00:00:00 |k Rodrigo Vera | ||
| 999 | |c 304928 |d 304926 | ||
| 952 | |0 0 |1 0 |2 ddc |4 0 |5 1 |6 352_238000000000000_IRA_1890 |7 1 |8 C_LRYV |9 367788 |a FDOBRV |b BIBDER |d 2019-11-21 |i 2080087 |o 352.238 IRA 1890 |p 2080087 |r 2023-01-25 |w 2019-11-21 |y BK_X |k BRV | ||
| 952 | |0 0 |1 0 |4 0 |6 352_238000000000000_IRA_1890 |7 0 |8 X |9 367789 |a FDOBUD |b FDOBUD |d 2019-11-21 |i 1009974 |o 352.238 IRA 1890 |p 1009974 |r 2019-11-21 |w 2019-11-21 |y BK_X |k BUD | ||